Statistics for Biggest Cities in the European Union by Letter - Y

Click here to take the quiz!

General Stats

  • This quiz has been taken 120 times
  • The average score is 2 of 20

Answer Stats

RankPopulationCountryHintCity% Correct
1161,000United KingdomWalled city in northern England, the USA have a 'new' oneYork
94%
347,000United KingdomSomerset town with palaeolithic remains, The GloversYeovil
38%
929,000SwedenOne of the southernmost Swedish towns, Kurt WallanderYstad
24%
533,000GreeceAlternative spelling: Giannitsa, Pella (Alexander the Great)Yannitsa
20%
1119,000United KingdomViaduct, Tees Barrage, 4 lettersYarm
16%
731,000United KingdomCommuter town, near Bristol, birthplace of J.K. RowlingYate
10%
633,000FinlandEppu Normaali, Tree Mountain (land art)Ylöjärvi
6%
270,000BulgariaTundzha, Georgi Rakovski LibraryYambol
5%
1515,000United KingdomAttractive place to live, River BlackwaterYateley
5%
1020,000United KingdomRhymney Valley, CaerphillyYstrad Mynach
5%
434,000SpainNorthern part of Murcia community, goats, wineYecla
4%
1712,000FinlandCommercial center of the Oulu South region, Kyösti KallioYlivieska
4%
1416,000FranceThionville, Basse .... Flagons, YussoisYutz
4%
1316,000SpainLanzarote Island, "Belén"(nativity scene)Yaiza
3%
1613,000FranceAllier, Central FranceYzeure
3%
829,000FranceGustave Caillebotte, RER DYerres
1%
1911,000CyprusLarge Cypriot village which borders AkrotiriYpsonas
1%
1219,000United KingdomTarn drained during WWII, Brian CloseYeadon
0%
2011,000SpainLa Casa de Ciriaco, Toledo provinceYuncos
0%
1812,000FranceStained-glas window (largest in Europe), Voir .... et mourirYvetot
0%

Score Distribution

Percentile by Number Answered

Percent of People with Each Score

Your Score History

You have not taken this quiz